ARRUPE JESUIT UNIVERSITY

CORONAVIRUS -STOP THE SPREAD - CLEAN,DISINFECT,COVER

War has Changed our Life, not our Spirit (Record no. 119262)

MARC details
000 -LEADER
fixed length control field 00466nam a22001337a 4500
008 - FIXED-LENGTH DATA ELEMENTS--GENERAL INFORMATION
fixed length control field 131213b xxu||||| |||| 00| 0 eng d
050 ## - LIBRARY OF CONGRESS CALL NUMBER
Classification number BV4466 2001
100 ## - MAIN ENTRY--PERSONAL NAME
Personal name Jesuit Refugee Service
9 (RLIN) 5705
245 ## - TITLE STATEMENT
Title War has Changed our Life, not our Spirit
Remainder of title Experiences of forcibly displaced women
Statement of responsibility, etc Jesuit Refugee Service
260 ## - PUBLICATION, DISTRIBUTION, ETC. (IMPRINT)
Place of publication, distribution, etc Rome
Name of publisher, distributor, etc Jesuit Refugee Service
Date of publication, distribution, etc 2001
300 ## - PHYSICAL DESCRIPTION
Extent 168p. ;
Dimensions 22cm.
650 ## - SUBJECT ADDED ENTRY--TOPICAL TERM
Topical term or geographic name as entry element Church work with Refugees
9 (RLIN) 5706
942 ## - ADDED ENTRY ELEMENTS (KOHA)
Source of classification or shelving scheme Library of Congress Classification
Item type Monograph ( Printed materials)
Holdings
Withdrawn status Lost status Source of classification or shelving scheme Damaged status Not for loan Home library Current library Date acquired Total Checkouts Full call number Barcode Date last seen Price effective from Koha item type
    Library of Congress Classification     ARRUPE LIBRARY ARRUPE LIBRARY 13/12/2013   BV4466 2001 46411369 24/01/2017 13/12/2013 Monograph ( Printed materials)

 

Arrupe Library. PO Box MP320 Mt Pleasant, Harare, Zimbabwe
263 242 745411|librarian@aju.ac.zw